RFD; Results-Framework documents (Record no. 502728)

000 -LEADER
fixed length control field 00457cam a22001457a 4500
008 - FIXED-LENGTH DATA ELEMENTS--GENERAL INFORMATION
fixed length control field 180718b2014 xxu||||| |||| 00| 0 eng d
082 ## - DEWEY DECIMAL CLASSIFICATION NUMBER
Classification number U6x54 In2
100 ## - MAIN ENTRY--PERSONAL NAME
Personal name Government of India
245 ## - TITLE STATEMENT
Title RFD; Results-Framework documents
Statement of responsibility, etc. Performance management division, Cabinet secretariat
260 ## - PUBLICATION, DISTRIBUTION, ETC.
Place of publication, distribution, etc. New Delhi
Name of publisher, distributor, etc. Performance Management Division
Date of publication, distribution, etc. 2014
300 ## - PHYSICAL DESCRIPTION
Extent 1635p.
500 ## - GENERAL NOTE
General note 2vol.
650 ## - SUBJECT ADDED ENTRY--TOPICAL TERM
Topical term or geographic name entry element Results-framework
650 ## - SUBJECT ADDED ENTRY--TOPICAL TERM
Topical term or geographic name entry element Performance management
Holdings
Withdrawn status Lost status Damaged status Not for loan Permanent Location Current Location Date acquired Full call number Barcode Date last seen Price effective from Koha item type
        Indian Institute of Public Administration Indian Institute of Public Administration 2018-08-04 U6x54 In2 GG30891 2018-08-04 2018-08-04 GG
        Indian Institute of Public Administration Indian Institute of Public Administration 2018-08-04 U6x54 In2 GG30890 2018-08-04 2018-08-04 GG

Powered by Koha